[Event "SWE-ch Seniors 65"]
[Site "Uppsala"]
[Date "2022.07.02"]
[Round "1"]
[White "Larsson, Per Olov"]
[Black "Bellon Lopez, Juan Manuel"]
[Result "0-1"]
[WhiteElo "1955"]
[BlackElo "2330"]
[PlyCount "104"]
[EventDate "2022.07.02"]
[EventType "swiss"]
[EventRounds "9"]
[EventCountry "SWE"]
[SourceTitle "EXT 2024"]
[Source "ChessBase"]
[SourceDate "2023.10.10"]
[SourceVersion "1"]
[SourceVersionDate "2023.10.10"]
[SourceQuality "1"]

1. e4 c5 2. c3 b6 3. d4 Bb7 4. Bd3 Nf6 5. Nd2 cxd4 6. cxd4 Nc6 7. Ngf3 Nb4 8. Bb1 Ba6 9. e5 Ng8 10. Ne4 e6 11. a3 Nd5 12. Bd3 Bxd3 13. Qxd3 f5 14. Nc3 Nxc3 15. bxc3 Qc7 16. 0-0 Rc8 17. Bb2 Qc4 18. Qxc4 Rxc4 19. Nd2 Ra4 20. f4 Ne7 21. Rf3 Nc6 22. Nb3 Be7 23. Rc1 0-0 24. c4 Na5 25. Nxa5 Rxa5 26. Rfc3 Rc8 27. Kf2 Kf7 28. Kf3 Ra4 29. Ke3 g5 30. g3 Rg8 31. Kf3 h5 32. Rd1 h4 33. Kf2 h3 34. fxg5 Rc8 35. Rdc1 Bxg5 36. R1c2 Be7 37. Ke3 d6 38. exd6 Bxd6 39. Kd3 e5 40. dxe5 Bxe5 41. Rb3 Bxb2 42. Rbxb2 Rxa3+ 43. Kd4 Kf6 44. Rb5 Rd8+ 45. Rd5 Rxd5+ 46. Kxd5 Ra5+ 47. Kd4 Ke6 48. Re2+ Kd6 49. Rd2 Ra1 50. Ke3+ Kc5 51. Rd5+ Kxc4 52. Rxf5 b5 0-1

[Event "Colonia de Sant Jordi op-A"]
[Site "Colonia de Sant Jordi"]
[Date "2022.06.12"]
[Round "9"]
[White "Marin Ferragut, Pau"]
[Black "Bellon Lopez, Juan Manuel"]
[Result "0-1"]
[WhiteElo "2072"]
[BlackElo "2330"]
[PlyCount "82"]
[EventDate "2022.06.04"]
[EventType "swiss"]
[EventRounds "9"]
[EventCountry "ESP"]
[SourceTitle "CBM 208 Extra"]
[Source "ChessBase"]
[SourceDate "2022.07.31"]
[SourceVersion "1"]
[SourceVersionDate "2022.07.31"]
[SourceQuality "1"]

1. e4 c5 2. Nc3 g6 3. g3 Bg7 4. Bg2 Nc6 5. d3 d6 6. Be3 e5 7. Qd2 Nge7 8. Bh6 0-0 9. h4 Bxh6 10. Qxh6 f6 11. Qd2 Nd4 12. h5 g5 13. h6 Kh8 14. 0-0-0 b5 15. f4 b4 16. Nce2 Nec6 17. Rf1 g4 18. Nxd4 cxd4 19. f5 Rg8 20. Rh4 Rg5 21. Ne2 Bd7 22. Kb1 Be8 23. Nc1 Bf7 24. Re1 Qa5 25. Bf1 Rag8 26. Be2 Qc5 27. Bd1 a5 28. Rf1 a4 29. Rf2 Na7 30. Rh1 Nb5 31. Ne2 Nc3+ 32. Nxc3 bxc3 33. Qc1 cxb2 34. Qxb2 Rc8 35. Rh4 a3 36. Qb7 Rc7 37. Qa6 Rc6 38. Qa4 Rb6+ 39. Kc1 Qc3 40. Rxg4 Rb1+ 41. Kxb1 Qb2# 0-1

[Event "Colonia de Sant Jordi op-A"]
[Site "Colonia de Sant Jordi"]
[Date "2022.06.09"]
[Round "6"]
[White "Arakhamia Grant, Ketevan"]
[Black "Bellon Lopez, Juan Manuel"]
[Result "1/2-1/2"]
[WhiteElo "2354"]
[BlackElo "2330"]
[PlyCount "63"]
[EventDate "2022.06.04"]
[EventType "swiss"]
[EventRounds "9"]
[EventCountry "ESP"]
[SourceTitle "CBM 208 Extra"]
[Source "ChessBase"]
[SourceDate "2022.07.31"]
[SourceVersion "1"]
[SourceVersionDate "2022.07.31"]
[SourceQuality "1"]

1. e4 c5 2. Nc3 g6 3. g3 Bg7 4. Bg2 Nc6 5. d3 d6 6. Be3 e5 7. Nh3 h5 8. Nd5 Nce7 9. c3 Nxd5 10. exd5 Bxh3 11. Bxh3 f5 12. Bg2 Bh6 13. Bxh6 Nxh6 14. h4 Ng4 15. Qd2 Qe7 16. 0-0-0 0-0-0 17. f3 Nf6 18. c4 Rde8 19. Rhe1 Qg7 20. Kc2 Re7 21. Re2 Rhe8 22. Rde1 Kb8 23. Bh3 b6 24. Rg1 Kb7 25. b4 Rd7 26. b5 Qf7 27. g4 hxg4 28. fxg4 fxg4 29. Bxg4 Nh5 30. Be6 Rxe6 31. dxe6 Qxe6 32. Ree1 1/2-1/2

[Event "Colonia de Sant Jordi op-A"]
[Site "Colonia de Sant Jordi"]
[Date "2022.06.07"]
[Round "4"]
[White "Bellon Lopez, Juan Manuel"]
[Black "Vilar Lopez, Monica"]
[Result "1-0"]
[WhiteElo "2330"]
[BlackElo "2045"]
[PlyCount "53"]
[EventDate "2022.06.04"]
[EventType "swiss"]
[EventRounds "9"]
[EventCountry "ESP"]
[SourceTitle "CBM 208 Extra"]
[Source "ChessBase"]
[SourceDate "2022.07.31"]
[SourceVersion "1"]
[SourceVersionDate "2022.07.31"]
[SourceQuality "1"]

1. d4 d5 2. Bf4 Nf6 3. e3 e6 4. Nf3 Bd6 5. Bg3 0-0 6. Nbd2 b6 7. c3 c5 8. a4 Nc6 9. Bd3 cxd4 10. exd4 Qc7 11. Qe2 e5 12. dxe5 Re8 13. Bb5 Nd7 14. 0-0 Ncxe5 15. Nxe5 a6 16. Bxd7 Bxd7 17. Ndf3 f6 18. Qd3 Bxe5 19. Qxd5+ Kh8 20. Nxe5 fxe5 21. Bxe5 Qxe5 22. Qxd7 Rad8 23. Qb7 a5 24. g3 Qc5 25. Rad1 h5 26. h4 Rxd1 27. Rxd1 1-0

[Event "Deltalift op"]
[Site "Tylosand"]
[Date "2022.05.27"]
[Round "6"]
[White "Harren, Mats"]
[Black "Bellon Lopez, Juan Manuel"]
[Result "0-1"]
[WhiteElo "2084"]
[BlackElo "2321"]
[PlyCount "86"]
[EventDate "2022.05.26"]
[EventType "swiss"]
[EventRounds "8"]
[EventCountry "SWE"]
[SourceTitle "CBM 208 Extra"]
[Source "ChessBase"]
[SourceDate "2022.07.31"]
[SourceVersion "1"]
[SourceVersionDate "2022.07.31"]
[SourceQuality "1"]

1. e4 c5 2. d4 cxd4 3. c3 d3 4. Bxd3 e6 5. f4 a6 6. Nf3 d6 7. 0-0 Nd7 8. Nbd2 Ngf6 9. Kh1 Qc7 10. Qe2 Be7 11. Bc2 e5 12. Nc4 0-0 13. fxe5 Nxe5 14. Ne3 g6 15. Nxe5 dxe5 16. Nd5 Nxd5 17. exd5 Bd7 18. Bh6 Bb5 19. Qf2 Bxf1 20. Rxf1 f5 21. Bxf8 Rxf8 22. c4 Kg7 23. b3 Bc5 24. Qg3 Bd6 25. Qc3 a5 26. a4 b6 27. g3 Bc5 28. Qd3 h5 29. Kg2 Rf6 30. Qf3 Qe7 31. h4 e4 32. Qf4 Bd6 33. Qe3 Qe5 34. Bd1 Bc5 35. Qf4 Qb2+ 36. Kh3 Qc3 37. Kg2 Bd6 38. Qg5 Qd3 39. Bxh5 e3 40. Re1 f4 41. Kh3 f3 42. Qxe3 Qxe3 43. Rxe3 gxh5 0-1

[Event "Deltalift op"]
[Site "Tylosand"]
[Date "2022.05.26"]
[Round "2"]
[White "Bellon Lopez, Juan Manuel"]
[Black "Moborn, Anders"]
[Result "1-0"]
[WhiteElo "2321"]
[BlackElo "1988"]
[PlyCount "122"]
[EventDate "2022.05.26"]
[EventType "swiss"]
[EventRounds "8"]
[EventCountry "SWE"]
[SourceTitle "CBM 208 Extra"]
[Source "ChessBase"]
[SourceDate "2022.07.31"]
[SourceVersion "1"]
[SourceVersionDate "2022.07.31"]
[SourceQuality "1"]

1. d4 d5 2. Bg5 h6 3. Bh4 Nf6 4. Bxf6 exf6 5. e3 c6 6. c4 Bb4+ 7. Nc3 dxc4 8. Bxc4 0-0 9. Nge2 Qe7 10. a3 Bd6 11. 0-0 Nd7 12. Bd3 Nb6 13. Ng3 Bxg3 14. hxg3 Be6 15. Rc1 Bc4 16. Ne4 Bxd3 17. Qxd3 Nd7 18. b4 Rfd8 19. Nc5 Nf8 20. Qb3 Ne6 21. b5 cxb5 22. Qxb5 b6 23. Nxe6 fxe6 24. a4 Rac8 25. a5 Qb7 26. axb6 Qxb6 27. Rb1 Qxb5 28. Rxb5 Rc7 29. Ra1 Kf7 30. Ra6 Rc1+ 31. Kh2 Rc7 32. g4 Rdd7 33. Rb8 Rc2 34. Kg3 Rcc7 35. Ra8 Rb7 36. Kf4 Re7 37. Ra5 Rb2 38. Kf3 Rbb7 39. g3 Rec7 40. Ke4 Re7 41. f4 Kg6 42. Kf3 Kf7 43. Ra3 Rec7 44. f5 e5 45. dxe5 fxe5 46. Ra6 Re7 47. Ra4 Rbc7 48. Rd8 Red7 49. Rxd7+ Rxd7 50. Ke4 Re7 51. Ra5 Kf6 52. Ra6+ Kf7 53. Kd5 e4 54. Kd4 Ke8 55. f6 Rf7 56. fxg7 Rxg7 57. Kxe4 Rxg4+ 58. Kf3 Rg7 59. Rxh6 Ke7 60. Ra6 Kf8 61. g4 Ke8 1-0

[Event "Deltalift op"]
[Site "Tylosand"]
[Date "2022.05.26"]
[Round "1"]
[White "Gerdes, Sebastian"]
[Black "Bellon Lopez, Juan Manuel"]
[Result "0-1"]
[WhiteElo "1811"]
[BlackElo "2321"]
[PlyCount "74"]
[EventDate "2022.05.26"]
[EventType "swiss"]
[EventRounds "8"]
[EventCountry "SWE"]
[SourceTitle "CBM 208 Extra"]
[Source "ChessBase"]
[SourceDate "2022.07.31"]
[SourceVersion "1"]
[SourceVersionDate "2022.07.31"]
[SourceQuality "1"]

1. c4 c5 2. g3 e6 3. Bg2 d6 4. Nc3 Nc6 5. a3 a6 6. Rb1 Qc7 7. e3 Nf6 8. Nf3 Rb8 9. b4 Bd7 10. d4 Be7 11. 0-0 0-0 12. e4 cxd4 13. Nxd4 Nxd4 14. Qxd4 Rfc8 15. Bg5 Qxc4 16. Bxf6 Bxf6 17. Qxd6 Rd8 18. Nd1 Bb5 19. Qf4 Qa2 20. Ne3 Bxf1 21. Rxf1 Qxa3 22. e5 Be7 23. Ng4 Qxb4 24. Be4 Rd4 25. Nf6+ Bxf6 26. exf6 Qd6 27. Qh4 g6 28. Qh6 Qf8 29. Qe3 Rbd8 30. Bxb7 Rd3 31. Qc1 a5 32. h4 Rd2 33. h5 Qb4 34. Qc7 R2d7 35. Qc1 Rxb7 36. Kg2 Qe4+ 37. f3 Qf5 0-1